01427cam a22002534a 450000100060000000300080000600500170001400800390003102000430007002000260011303500190013904000320015804100080019008200280019824501670022626000470039330000340044050400510047450505380052565000340106365000280109770000290112570000190115427867BD-RjUL20211209051218.0140327s2011 cauab be 001 0 eng a9781851099290 (hard copy : alk. paper) a9781851099306 (ebook) a(BD-RjUL)27947 aDLCcDLCdDLCdBD-RjULbeng aeng00aR 909222bWOR V-8 201100aWorld history encyclopedia /cAlfred J. Andrea, general editor ; Carolyn Neel, associate general editor.nV-8pEra-4 : Expanding Regional Civilizations, 300-1000. aSanta Barbara, Calif. :bABC-CLIO,cc2011. a21 v. :bill., maps ;c29 cm. aIncludes bibliographical references and index.0 av. 1. Introduction -- v. 2. Era 1: Beginnings of human society -- v. 3-4. Era 2: Early civilizations, 4000-1000 BCE -- v. 5-6. Era 3: Classical traditions, 1000 BCE-300 CE -- v. 7-8. Era 4: Expanding regional civilizations, 300-1000 -- v. 9-10. Era 5: Intensified hemispheric interactions, 1000-1500 -- v. 11-13. Era 6: The first global age, 1450-1770 -- v. 14-16. Era 7: The age of revolutions, 1750-1914 -- v. 17-18. Era 8: Crisis and achievement, 1900-1945 -- v. 19-20. Era 9: Promises and paradoxes, 1945-present -- v. 21. Index. 0aWorld historyvEncyclopedias. 0aHistoryvEncyclopedias.1 aAndrea, Alfred J.d1941-1 aNeel, Carolyn.